000 00685nam a2200229Ia 4500
005 20241129111039.0
008 241129s9999||||xx |||||||||||||| ||und||
020 _a978-0-367-68171-5
037 _aTB
040 _aCRL
_beng
_cCRL
041 _aeng
_2eng
084 _aQ2v275 R2
_qCRL
100 _aGraves Eben Au.
_9723259
245 0 _aPolitics of musical time: expanding songs and shrinking markets in Bengali devotional performance
_cGraves Eben Au.
260 _ana, USA
_bna na University Press
_c2022
300 _axxv,399p.
365 _aUKP
_b36
490 _aRoutledge focus
650 _aReligion
942 _cTB
_hQ2v275 R2
999 _c1228694
_d1228694